| 000 | 01566nab a2200241 i 4500 | ||
|---|---|---|---|
| 001 | 768714001 | ||
| 003 | CO-MdFUSB | ||
| 005 | 20240710143925.0 | ||
| 008 | 240710t1989 sz ||||| |||| 00| 0 eng d | ||
| 040 |
_bspa _cCO-MdFUSB _dCO-MdFUSB |
||
| 041 | _aeng | ||
| 100 |
_aNoh, Jong-Sun, _eautor |
||
| 245 |
_aHuman ecology in a divided land : _btowar a theology of silver fishes in the Imjeen river _c/ Jong Sun Noh |
||
| 520 | _aEl siguiente artículo, escrito para dirigirse al Consejo General de la WARC, Sección III: Justicia, Paz e Integridad de la Creación, expone la interdependencia entre las tres subdivisiones de la sección. Las teologías de la división basadas en la psicosis de la división se transformarán en la teología de la reunificación de la naturaleza, los hombres y Dios, el creador. "¿Quién dices que soy?" Jesús preguntó un día a sus discípulos (Lucas 9:20). El Señor es quien cura la psicosis, y el Señor es quien exorciza a los demonios de la división en una tierra dividida. Jesús es el Señor de la salvación, la liberación, la vida eterna y la reunificación en una tierra dividida. | ||
| 546 | _aTexto en inglés. | ||
| 650 | 7 |
_aAntropología cultural y social _96714 |
|
| 650 | 7 |
_aTeología de la liberación _9449 |
|
| 650 | 0 |
_aReforma de la iglesia _9958 |
|
| 650 | 0 |
_aSalvación _948 |
|
| 773 | 0 |
_049396 _982825 _dGinebra _oR2677 _tReformed World _w(CO-MdFUSB)38 _x0034-3056 _gVolumen 40, (número 5, 1989) páginas: 90 - 97 _qpágina: 90 |
|
| 942 | _cANA | ||
| 945 | _aCatherine Arias Álvarez - Practicante SENA | ||
| 999 |
_c70480 _d70480 |
||